000 00320nam a22001217a 4500
008 230620b xxu||||| |||| 00| 0 eng d
082 _a324.6
_bSAD
100 _cSADC
245 _aSADC PARLIAMENTARY FORUM
_bElection Observation Mission Tanzania 2000
260 _aTanzania
_bSADC
_c2000
300 _a66P
942 _2ddc
_cBK
999 _c1753
_d1753